| 000 | 00983nam a2200157Ia 4500 | ||
|---|---|---|---|
| 008 | 220216s9999 xx 000 0 und d | ||
| 100 | _aKai-Ming Zhang | ||
| 245 | 0 | _aDifferential sensitivities of physiologic races of microcyclus ulei to fungicides | |
| 260 |
_bJournal of Natural Rubber Research _c1986 |
||
| 300 | _a25-29 | ||
| 520 | _aBenomyl, thiophanate methyl, chlorothalonil, and mancozeb were tested against Races 4, 6, 7 and 8 of Microcyclus ulei for inhibition of conidial germination, leaf disc infection, and field disease control. Races 6 and 8 were less sensitive to benomyl and thiophanate methyl than Races 4 and 7. Spraying benomyl (25 mg and 50 mg per litre) in the nursery gave satisfactory control of South American leaf blight on clones FX 2261 and FX 985 infected by Races 4 and 7 respectively, but not FX 3864 and FX 2804 infected by Races 6 and 8 respectively. | ||
| 650 | _aFungicides | ||
| 650 | _aMicrocyclus ulei | ||
| 700 | _aChee K H | ||
| 942 | _cJS | ||
| 999 |
_c57188 _d57188 |
||